000 00490nam a2200181Ia 4500
001 3692
008 140317s9999 xx 000 0 und d
020 _a0-415-31787-8
040 _cPK-LaUMT
082 _a 956.04
_bMIL-C
100 _aBeverley Milton-Edwards
245 _aConflicts in the middle east since 1945
_cBeverley Milton-Edwards<>Peter Hinchcliffe
250 _a2nd
260 _aLondon,UK:
_bRoutledge,
_c2005
300 _a152 p.
700 _aPeter Hinchcliffe
942 _cBK
999 _c3937
_d3937